01046 2200349 4500001002100000005001500021035002000036007000300056008004100059020002200100040002200122082001600144084001800160090002200178090002200200100002900222245010900251250002000360300002800380650002100408700002900429700003100458850001200489041000800501504003400509264003500543336002100578337003000599338002300629999002200652990002200674INLIS00000000084540720250619034009 a0010-0419000266ta190404s2018 yoia f | ind d a978-602-4579-23-6 aYOPDYOGbinderda04223a297.577 a297.577 ERN c aDEP 297.577 ERN c aCB-D.11 2018-11880 aErnawatid1981-epenulis1 aCukupkah cinta untuk menikah? /cpenulis, Ernawati; penyunting, Zhivana A.U.; Ilustrator, Khoirur Roihan aCetakan 1, 2018 ax, 314 halaman ;c20 cm 4aPerkawinan islam0 aZhivana A.U.epenyunting0 aKhoirur Roihaneilustrator aYOPDYOG0 aind aBibliografi : halaman 310-31134aYogyakarta :bChecklist,c2018 2rdacontentateks 2rdamediaatanpa perantara 2rdacarrieravolume aCB-D.11/2018-1188 aCB-D.11/2018-1188